| 000 | 00611nam a2200229 i 4500 | ||
|---|---|---|---|
| 001 | C2-0319896 | ||
| 003 | PPAK | ||
| 005 | 20180728115530.0 | ||
| 008 | 121129s2009 nyu |||| ||||| | eng d | ||
| 020 | _a9780061561764 | ||
| 040 |
_aPPAK _beng _cPPAK _erda |
||
| 082 | 0 | 4 |
_a973.7 _223 |
| 090 | 0 | 0 |
_a973.7 _bBUT _dLCK |
| 100 | 1 |
_aButzer, C>M, _eauthor |
|
| 245 | 1 | 0 |
_aGettysburg : _bthe graphic novel |
| 264 | 1 |
_aNew York : _bBowen Press/Collins , _c2009 |
|
| 300 |
_a80 pages ; _c23 cm |
||
| 336 |
_2rdacontent _atext |
||
| 337 |
_2rdamedia _aunmediated |
||
| 338 |
_2rdacarrier _avolume |
||
| 942 |
_ddc _cB |
||
| 999 |
_c120698 _d120698 |
||